Statystyki dla Powiaty Województwa Małopolskiego z mapą

Kliknij tutaj aby rozwiązać quiz!

Ogólne statystyki

  • Ten quiz został rozwiązany 22 325 razy
  • Średni wynik to 13 z 22

Odpowiedzi na mapie

Odpowiedzi skodowane kolorowo w zielono-czerwonej skali na mapie do tego quizu, zgodnie z poniższymi procentami.
 

Statystyki odpowiedzi

Powiat% Poprawnych
Kraków
99%
krakowski
85%
Tarnów
84%
Nowy Sącz
80%
tarnowski
79%
nowosądecki
76%
tatrzański
70%
nowotarski
66%
oświęcimski
63%
wielicki
60%
wadowicki
58%
bocheński
56%
limanowski
54%
myślenicki
51%
brzeski
49%
olkuski
48%
chrzanowski
47%
gorlicki
47%
miechowski
44%
suski
40%
dąbrowski
37%
proszowicki
34%

Rozkład punktacji

Percentyl według liczby udzielonych odpowiedzi

Procent ludzi z każdym wynikiem

Twoja historia wyników

Nie rozwiązałeś tego quizu